000 00656cam a2200145 4500500
005 20251228073800.0
041 _afre
042 _adc
100 1 0 _aKohl, Markus
_eauthor
245 0 0 _aHELD Winfried, Gerakome, Ein « altehrwürdiges » Heiligtum im kaiserzeitlichen Karien (Istanbuler Forschungen, 49), Tübingen, Ernst Wasmuth Verlag, 2008, 1 vol. 21 × 30, XII + 220 p., 250 fig. ds t., 1 plan dépl. volant.
260 _c2010.
500 _a48
786 0 _nRevue archéologique | 48 | 2 | 2010-03-01 | p. 345ze-438ze | 0035-0737
856 4 1 _uhttps://shs.cairn.info/revue-archeologique-2009-2-page-345ze?lang=fr&redirect-ssocas=7080
999 _c1595973
_d1595973